Medios y métodos: tecnología educativa en la enseñanza

Uloženo v:
Podrobná bibliografie
Hlavní autor: Unwin, Derick (Autor)
Médium: Kniha
Jazyk:španělština
Vydáno: Madrid Anaya 1973
Témata:
Tagy: Přidat tag
Žádné tagy, Buďte první, kdo vytvoří štítek k tomuto záznamu!

MARC

LEADER 00000nam a2200000 a 4500
001 UCY8499
003 CL-VaPUC
008 950703e19730000SP |||||||||||||||||spa|d
082 0 4 |a 371.3078  |b UNW  |2 21 
100 0 |a Unwin, Derick  |e author  |9 339917 
245 1 0 |a Medios y métodos: tecnología educativa en la enseñanza 
300 |a 318 p 
942 |c BK 
945 |d 19950703 00:00:00  |a mfernand 
260 |a Madrid  |b Anaya  |c 1973 
650 0 |a Tecnología educacional  |9 307265 
650 7 |a MATERIAL Y EQUIPO DIDACTICOS  |2 CL-VaPUC  |9 309109 
650 7 |a MATERIAL AUDIOVISUAL  |2 CL-VaPUC  |9 308466 
650 7 |a TELEVISION EDUCATIVA  |2 CL-VaPUC  |9 310717 
650 7 |a MAQUINAS DE ENSEÑAR  |2 CL-VaPUC  |9 308948 
650 7 |a ENSEÑANZA PROGRAMADA  |2 CL-VaPUC  |9 263217 
650 0 |a Educación superior   |9 223851 
650 7 |a LABORATORIOS DE IDIOMAS  |2 CL-VaPUC  |9 338856 
583 |a last modification  |c 19950703 00:00:00  |k Rodrigo Vera 
999 |c 235737  |d 235735 
952 |0 0  |1 0  |4 0  |6 371_307800000000000_UNW_1973  |7 0  |8 P  |9 243340  |a BIBEDU  |b BIBEDU  |c BIBEDU_PB  |d 2019-11-18  |i 1528440  |l 1  |o 371.3078 UNW 1973  |p 1528440  |r 2025-04-14  |s 2025-04-14  |w 2019-11-18  |y BK  |k EDU